000 00699nam a2200229Ia 4500
008 131103s9999 xx 000 0 und d
020 _a8176482838
_cRs.500.00
040 _aLoreto College
041 _aEnglish
082 _a005.3/KHU
_bLCLIB/48245
245 _aEncyclopaedia of Computer Science(Vol.II)
_b Office 2000 - MS-Word and MS-Excel
_cEdited by Rohit Khurana
260 _aNew Delhi
_bA.P.H.Publishing
_c2009
300 _aviii,352p
_c 22cm
440 _aExploring computers
504 _aIncludes appendix
630 _aMicrosoft Word
650 _aMicrosoft Excel
651 _aComputer software
700 _aKhurana,Rohit, ed.
850 _aLCLIB/005.3/KHU
942 _cBK
999 _c36795
_d87274